[Event "bosnjaci18"]
[Site "Bosnjaci"]
[Date "2018.01.06"]
[Round "6.16"]
[White "Bogdanic, Katarina"]
[Black "Ascic, Anto"]
[Result "1/2-1/2"]
[WhiteElo "1917"]
[BlackElo "2122"]
[PlyCount "135"]
[EventDate "2018.??.??"]

1. Nf3 Nf6 2. c4 e6 3. g3 d5 4. d4 Be7 5. Bg2 O-O 6. O-O b6 7. Qc2 Bb7 8. Nbd2
Nbd7 9. b3 c5 10. Bb2 dxc4 11. Nxc4 Rc8 12. dxc5 b5 13. Ncd2 Bxc5 14. Qd3 Qb6
15. Rac1 Rfd8 16. Qb1 Ng4 17. Rxc5 Qxc5 18. Qa1 Ngf6 19. a4 bxa4 20. bxa4 Qh5
21. Bd4 e5 22. Bc3 Re8 23. Rb1 Be4 24. Rb4 Nd5 25. Rxe4 Nxc3 26. Re3 Nd5 27.
Rb3 Nc5 28. Ra3 e4 29. Nh4 Nf6 30. Nf1 Qxe2 31. Ra2 Qd3 32. Nf5 Nb3 33. Qb2 Re6
34. Bh3 Rc1 35. Qe2 Qxe2 36. Rxe2 Ra6 37. Rb2 Rc3 38. Nd4 Rb6 39. Nb5 Rd3 40.
Rc2 g6 41. Nxa7 Ra6 42. Rc8+ Kg7 43. Rc7 Rxa4 44. Be6 Ra1 45. Rxf7+ Kh6 46. Kg2
Nc5 47. Bc4 Rd7 48. Rxf6 Raxa7 49. Ne3 Kg7 50. Rc6 Nd3 51. Rc8 Ne5 52. Bd5 Nf7
53. Rc5 Re7 54. h4 h5 55. g4 hxg4 56. Nxg4 Ne5 57. Ne3 Nd3 58. Rc6 Nf4+ 59. Kg3
Nxd5 60. Nxd5 Ra3+ 61. Ne3 Rf7 62. Re6 Rf3+ 63. Kg2 Rfxe3 64. fxe3 Rxe3 65. Kf2
Rf3+ 66. Kg2 Rf4 67. Kg3 Rf3+ 68. Kg2 1/2-1/2

[Event "bosnjaci18"]
[Site "Bosnjaci"]
[Date "2018.01.06"]
[Round "6.17"]
[White "Jelecevic, Ivo"]
[Black "Novosad, Ivan"]
[Result "1-0"]
[WhiteElo "2102"]
[BlackElo "1851"]
[PlyCount "43"]
[EventDate "2018.??.??"]

1. e4 c6 2. d4 d5 3. f3 Nd7 4. Nc3 e6 5. a3 b5 6. Be3 Bb7 7. Nh3 a6 8. Be2 c5
9. O-O cxd4 10. Bxd4 e5 11. Bf2 d4 12. Nd5 Bxd5 13. exd5 Nb6 14. f4 f6 15. fxe5
fxe5 16. Bg3 Bd6 17. Bh5+ g6 18. Qf3 Ne7 19. Bg4 Nf5 20. Bxf5 gxf5 21. Qxf5 Qe7
22. Qh5+ 1-0

[Event "bosnjaci18"]
[Site "Bosnjaci"]
[Date "2018.01.06"]
[Round "6.18"]
[White "Bekcic, Martin"]
[Black "Boban, Sten"]
[Result "0-1"]
[WhiteElo "1897"]
[BlackElo "2083"]
[PlyCount "102"]
[EventDate "2018.??.??"]

1. d4 e6 2. Nf3 b6 3. Bf4 Bb7 4. e3 Be7 5. Nbd2 d6 6. Bc4 Nd7 7. O-O g5 8. Bg3
h5 9. h3 Nh6 10. e4 h4 11. Bh2 g4 12. hxg4 Nxg4 13. d5 e5 14. Qe2 a6 15. b4 Nf8
16. Ne1 Nxh2 17. Kxh2 Bg5 18. Nd3 Ng6 19. Rad1 Bc8 20. Bb3 Nf4 21. Nxf4 Bxf4+
22. Kh1 Qg5 23. Rg1 Bg4 24. Nf3 Qh5 25. Rd3 Ke7 26. Rc3 Kf6 27. Qd3 Rag8 28.
Nh2 Be2 29. Qh3 Bg3 30. fxg3 hxg3 31. Rxg3 Rxg3 32. Qxg3 Bg4 33. Rf1+ Ke7 34.
Kg1 Bd7 35. c4 Qh7 36. Nf3 Qxe4 37. Ng5 Qd4+ 38. Qf2 Qxf2+ 39. Rxf2 f5 40. Bc2
Kf6 41. Nf3 e4 42. Nd4 Ke5 43. Ne2 b5 44. cxb5 Bxb5 45. Ng3 Bd7 46. Kf1 e3 47.
Rf3 f4 48. Ke2 Bg4 49. Ne4 Rh2 50. Ng5 Rxg2+ 51. Kd3 Bf5+ 0-1

[Event "bosnjaci18"]
[Site "Bosnjaci"]
[Date "2018.01.06"]
[Round "6.19"]
[White "Caric, Mato"]
[Black "Macanga, Branko"]
[Result "1-0"]
[WhiteElo "2075"]
[BlackElo "1844"]
[PlyCount "78"]
[EventDate "2018.??.??"]

1. e4 Nf6 2. e5 Nd5 3. d4 d6 4. exd6 exd6 5. Nf3 Be7 6. c4 Nb6 7. Be3 Bf5 8.
Bd3 Bg6 9. O-O O-O 10. Bxg6 hxg6 11. Nbd2 d5 12. c5 N6d7 13. Qb3 b6 14. Qxd5 c6
15. Qc4 b5 16. Qb3 Nf6 17. Bg5 a5 18. a4 b4 19. Rfe1 Nd5 20. Bxe7 Nxe7 21. Nc4
Nd7 22. Rad1 Nf6 23. Nfe5 Qd5 24. Qd3 Ra7 25. Nd6 Nc8 26. Nec4 Nxd6 27. Nxd6
Qh5 28. Re5 Qh6 29. h3 Nd5 30. Rde1 Qf4 31. g3 Qf6 32. Qe4 Raa8 33. h4 Rad8 34.
Ne8 Rdxe8 35. Rxe8 Rxe8 36. Qxe8+ Kh7 37. Qe4 Kh6 38. Kg2 Qd8 39. Qe8 Qf6 1-0

[Event "bosnjaci18"]
[Site "Bosnjaci"]
[Date "2018.01.06"]
[Round "6.20"]
[White "Turicar, Goran"]
[Black "Vukovic, Ivo"]
[Result "0-1"]
[WhiteElo "1832"]
[BlackElo "2034"]
[PlyCount "86"]
[EventDate "2018.??.??"]

1. e4 d6 2. Nf3 Nf6 3. Nc3 g6 4. d4 Bg7 5. Be2 O-O 6. O-O c6 7. Be3 Qc7 8. h3
Nbd7 9. Qd2 e5 10. Bh6 Re8 11. Bxg7 Kxg7 12. Bd3 a6 13. Rfe1 b5 14. b4 Qb6 15.
Ne2 exd4 16. Nexd4 c5 17. e5 Nxe5 18. Nxe5 dxe5 19. bxc5 Qxc5 20. Nb3 Qd6 21.
Qc3 Bb7 22. Rad1 Rac8 23. Qb2 Qc6 24. f3 Qb6+ 25. Kh1 Qc7 26. Rd2 Nh5 27. Kg1
f6 28. Red1 Rcd8 29. Nc1 Qc5+ 30. Kh2 Re7 31. Nb3 Qe3 32. Qa3 Rde8 33. Qc5 Qf4+
34. Kg1 Qg5 35. Qf2 Nf4 36. Kh2 Nxd3 37. cxd3 Qf4+ 38. Kg1 Qb4 39. Nc5 Bc8 40.
Ne4 f5 41. Ng3 Rd8 42. Qb6 Qd6 43. Qe3 f4 0-1

[Event "bosnjaci18"]
[Site "Bosnjaci"]
[Date "2018.01.06"]
[Round "6.21"]
[White "Kolanovic, Kazimir"]
[Black "Mahmutbegovic, Muharem"]
[Result "1/2-1/2"]
[WhiteElo "1871"]
[BlackElo "2033"]
[PlyCount "37"]
[EventDate "2018.??.??"]

1. d4 Nf6 2. c4 g6 3. Nc3 Bg7 4. e4 d6 5. f3 c6 6. Be3 a6 7. Qd2 b5 8. b3 e6 9.
Bd3 bxc4 10. bxc4 Nbd7 11. Nge2 c5 12. O-O O-O 13. Bh6 Bxh6 14. Qxh6 cxd4 15.
Nxd4 Ne5 16. Qe3 Nxd3 17. Qxd3 Qc7 18. Kh1 Bd7 19. Nd1 1/2-1/2

[Event "bosnjaci18"]
[Site "Bosnjaci"]
[Date "2018.01.06"]
[Round "6.22"]
[White "Golubicic, Luka"]
[Black "Mutapcic, Ilija"]
[Result "1-0"]
[WhiteElo "1954"]
[BlackElo "1824"]
[PlyCount "59"]
[EventDate "2018.??.??"]

1. d4 d5 2. Nc3 Nf6 3. Bg5 Ne4 4. Nxe4 dxe4 5. f3 Qd5 6. Bf4 e6 7. Bxc7 e3 8.
Bf4 Qb5 9. Qc1 Nc6 10. Bxe3 e5 11. dxe5 Nxe5 12. Bd4 Be6 13. e4 Qa5+ 14. Bc3
Bb4 15. Bxb4 Qxb4+ 16. c3 Qc5 17. Qd2 Rd8 18. Qf2 Qd6 19. Bb5+ Kf8 20. Qc2 a6
21. Be2 Qb6 22. f4 Ng4 23. Bxg4 Bxg4 24. Qf2 Qd6 25. Nf3 Qd3 26. Qe2 Ke7 27.
Qxd3 Rxd3 28. Ke2 Rhd8 29. Rad1 Rxd1 30. Rxd1 1-0

[Event "bosnjaci18"]
[Site "Bosnjaci"]
[Date "2018.01.06"]
[Round "6.23"]
[White "Borzan, Andrej"]
[Black "Kurtovic, Nedzad"]
[Result "1/2-1/2"]
[WhiteElo "1750"]
[BlackElo "1954"]
[PlyCount "45"]
[EventDate "2018.??.??"]

1. d4 Nf6 2. c4 c6 3. Nc3 d5 4. Bf4 e6 5. e3 Bd6 6. Bg5 h6 7. Bh4 Be7 8. Nf3
Nbd7 9. h3 a6 10. c5 Qa5 11. a3 Ne4 12. Bxe7 Kxe7 13. Qc2 Nxc3 14. Qxc3 Qxc3+
15. bxc3 g5 16. c4 Nf6 17. Nd2 Rd8 18. Rb1 Kd7 19. Bd3 Kc7 20. Ke2 Re8 21. Nf3
Nd7 22. cxd5 exd5 23. Kd2 1/2-1/2

[Event "bosnjaci18"]
[Site "Bosnjaci"]
[Date "2018.01.06"]
[Round "6.24"]
[White "Causevic, Miro"]
[Black "Dabic, Stjepan"]
[Result "0-1"]
[WhiteElo "1644"]
[BlackElo "1949"]
[PlyCount "48"]
[EventDate "2018.??.??"]

1. e4 c5 2. Nc3 d6 3. Bc4 Nf6 4. d3 g6 5. f4 Bg7 6. Nf3 O-O 7. O-O Nc6 8. a4
Bd7 9. e5 dxe5 10. fxe5 Ng4 11. e6 Bxe6 12. Bxe6 fxe6 13. h3 Nge5 14. Ng5 Qd7
15. Nce4 b6 16. Rb1 Rxf1+ 17. Kxf1 Rf8+ 18. Kg1 h6 19. Nf3 Nxf3+ 20. gxf3 e5
21. Qf1 Nd4 22. Nd2 Qc6 23. Kg2 Nxc2 24. Ne4 Nd4 0-1

[Event "bosnjaci18"]
[Site "Bosnjaci"]
[Date "2018.01.07"]
[Round "7.1"]
[White "Muha, Miljenko"]
[Black "Kovacevic, Blazimir"]
[Result "0-1"]
[WhiteElo "2371"]
[BlackElo "2486"]
[PlyCount "74"]
[EventDate "2018.??.??"]

1. d4 e6 2. Nf3 c5 3. c3 Nf6 4. Bg5 Nc6 5. e3 d5 6. Nbd2 Be7 7. Bd3 O-O 8. O-O
b6 9. Ne5 Nxe5 10. dxe5 Nd7 11. Bxe7 Qxe7 12. f4 Bb7 13. Rf3 f5 14. Rh3 Rf7 15.
g4 g6 16. Nf1 Rd8 17. Ng3 Nf8 18. gxf5 exf5 19. Kf2 Ne6 20. Nxf5 gxf5 21. Qh5
Kh8 22. Rg1 d4 23. Bxf5 dxe3+ 24. Kxe3 Qd7 25. Qxh7+ Rxh7 26. Rxh7+ Qxh7 27.
Bxh7 Kxh7 28. f5 Ng7 29. f6 Ne6 30. Rf1 Rd5 31. b4 Rxe5+ 32. Kd2 Kg6 33. bxc5
Rxc5 34. Kc2 Rf5 35. Rxf5 Kxf5 36. f7 Kf6 37. a4 a5 0-1

[Event "bosnjaci18"]
[Site "Bosnjaci"]
[Date "2018.01.07"]
[Round "7.2"]
[White "Jovanovic, Zoran"]
[Black "Mrkonjic, Nenad"]
[Result "1-0"]
[WhiteElo "2535"]
[BlackElo "2345"]
[PlyCount "81"]
[EventDate "2018.??.??"]

1. e4 e5 2. Nf3 Nf6 3. Nxe5 d6 4. Nf3 Nxe4 5. c4 d5 6. Nc3 Nxc3 7. dxc3 c6 8.
cxd5 Qxd5 9. Qxd5 cxd5 10. Be3 Nc6 11. O-O-O Be6 12. Ng5 Be7 13. Nxe6 fxe6 14.
f4 Bf6 15. g3 g6 16. Bh3 Kf7 17. Rhe1 Rhe8 18. Re2 Rad8 19. Bf2 d4 20. cxd4
Bxd4 21. Bxd4 Rxd4 22. Bg2 Rxd1+ 23. Kxd1 Rd8+ 24. Rd2 Rxd2+ 25. Kxd2 Nd8 26.
Ke3 Ke7 27. h4 b6 28. Be4 Nf7 29. g4 Nd6 30. Bd3 Nf7 31. g5 Kd6 32. h5 gxh5 33.
Bxh7 Ke7 34. Kf3 e5 35. Bg6 exf4 36. Kxf4 Nd6 37. Bxh5 a5 38. Be2 Ke6 39. Bd3
b5 40. g6 Kf6 41. Ke3 1-0

[Event "bosnjaci18"]
[Site "Bosnjaci"]
[Date "2018.01.07"]
[Round "7.3"]
[White "Tica, Sven"]
[Black "Radovanovic, Nikola"]
[Result "0-1"]
[WhiteElo "2441"]
[BlackElo "2441"]
[PlyCount "64"]
[EventDate "2018.??.??"]

1. d4 Nf6 2. Nf3 g6 3. g3 Bg7 4. Bg2 O-O 5. O-O d6 6. c4 Nbd7 7. Nc3 e5 8. e4
exd4 9. Nxd4 Re8 10. h3 a6 11. Be3 Rb8 12. Re1 Ne5 13. b3 c5 14. Nde2 b5 15. f4
Ned7 16. Qxd6 b4 17. e5 bxc3 18. exf6 Rxe3 19. fxg7 Rb6 20. Qd1 Rbe6 21. Bd5
Re8 22. Kf2 Qf6 23. Rc1 g5 24. Rxc3 gxf4 25. Rxe3 fxg3+ 26. Kxg3 Rxe3+ 27. Kg2
Qg5+ 28. Kf1 Ne5 29. Ng1 Rg3 30. Bxf7+ Nxf7 31. Re8+ Kxg7 32. Qa1+ Kh6 0-1

[Event "bosnjaci18"]
[Site "Bosnjaci"]
[Date "2018.01.07"]
[Round "7.4"]
[White "Mican, Mato"]
[Black "Cabarkapa, Novak"]
[Result "1/2-1/2"]
[WhiteElo "1938"]
[BlackElo "2441"]
[PlyCount "61"]
[EventDate "2018.??.??"]

1. e4 d5 2. exd5 Qxd5 3. Nc3 Qd6 4. d4 Nf6 5. Nf3 c6 6. Bd3 Bg4 7. Be3 e6 8. h3
Bh5 9. Be2 Qc7 10. Ne5 Bxe2 11. Qxe2 Bb4 12. O-O Bxc3 13. bxc3 Nbd7 14. Bd2
Nxe5 15. dxe5 Nd7 16. f4 Qa5 17. c4 Qa4 18. Be3 O-O-O 19. Rfb1 b6 20. a3 c5 21.
Rd1 g6 22. Bf2 Nb8 23. Bh4 Rxd1+ 24. Rxd1 Qxa3 25. Qe4 Qa6 26. Rd6 Qb7 27. Qd3
Nc6 28. c3 a5 29. Qe4 Nb8 30. Qd3 Qc7 31. Qb1 1/2-1/2

[Event "bosnjaci18"]
[Site "Bosnjaci"]
[Date "2018.01.07"]
[Round "7.5"]
[White "Sertic, Rudolf"]
[Black "Ivekovic, Tihana"]
[Result "1-0"]
[WhiteElo "2365"]
[BlackElo "2161"]
[PlyCount "125"]
[EventDate "2018.??.??"]

1. Nf3 d5 2. c4 e6 3. d4 Nf6 4. cxd5 exd5 5. Bg5 Be7 6. Nc3 c6 7. Qc2 O-O 8. e3
Nbd7 9. Bd3 Re8 10. h3 Nf8 11. Bf4 Bd6 12. Bxd6 Qxd6 13. O-O Qe7 14. Ne5 a6 15.
Na4 Be6 16. Nc5 Rac8 17. b4 Rc7 18. a4 Bc8 19. Qb1 Ne4 20. Bxe4 dxe4 21. b5
axb5 22. axb5 cxb5 23. Rc1 b6 24. Na6 Rxc1+ 25. Qxc1 Ne6 26. Qb1 Bxa6 27. Rxa6
Qb7 28. Qxb5 Rb8 29. Ra1 g6 30. Nd7 Rd8 31. Nf6+ Kh8 32. Qe5 Qb8 33. Qxb8 Rxb8
34. Nxe4 b5 35. Rb1 Kg7 36. Kf1 f5 37. Nc3 Nc7 38. Rb4 Kf6 39. Ke2 Ke6 40. f3
Nd5 41. Nxd5 Kxd5 42. Kd3 Kc6 43. Rb3 Ra8 44. e4 fxe4+ 45. fxe4 Ra2 46. d5+ Kd6
47. Rxb5 Ke5 48. Rb6 Ra3+ 49. Kc4 Kxe4 50. Re6+ Kf5 51. Re2 Ra6 52. Kb5 Ra1 53.
Kc6 Ra6+ 54. Kc7 Ra7+ 55. Kb6 Ra1 56. d6 Rd1 57. Kc7 Rc1+ 58. Kd8 Kf6 59. d7
Kf7 60. Rf2+ Kg7 61. Rf4 Rc2 62. g4 Rc3 63. h4 1-0

[Event "bosnjaci18"]
[Site "Bosnjaci"]
[Date "2018.01.07"]
[Round "7.6"]
[White "Zaja, Ivan"]
[Black "Stocko, Josip"]
[Result "1-0"]
[WhiteElo "2454"]
[BlackElo "2308"]
[PlyCount "79"]
[EventDate "2018.??.??"]

1. d4 Nf6 2. c4 c5 3. d5 e5 4. Nc3 d6 5. e4 Be7 6. h4 h5 7. g3 Na6 8. Bh3 Nc7
9. Bxc8 Qxc8 10. f3 a6 11. Nh3 b5 12. b3 Rb8 13. Nf2 Nd7 14. Qe2 g6 15. O-O O-O
16. Kg2 Nb6 17. Bd2 Kh7 18. Nh3 Qe8 19. f4 exf4 20. Nxf4 bxc4 21. Nxh5 Nd7 22.
Qe3 gxh5 23. Qh6+ Kg8 24. Rf5 f6 25. Rxh5 Qxh5 26. Qxh5 Ne5 27. bxc4 Rb2 28.
Qe2 Rfb8 29. Nd1 Rc2 30. Ne3 Rcb2 31. Kh3 Ne8 32. Ng4 Ng7 33. Nxe5 fxe5 34. Qd3
Rf8 35. Qc3 Rb7 36. Kg2 Rfb8 37. Bg5 Rb2+ 38. Kh3 Bxg5 39. hxg5 Re2 40. Qf3 1-0

[Event "bosnjaci18"]
[Site "Bosnjaci"]
[Date "2018.01.07"]
[Round "7.7"]
[White "Boban, Sten"]
[Black "Ascic, Pero"]
[Result "0-1"]
[WhiteElo "2083"]
[BlackElo "2323"]
[PlyCount "96"]
[EventDate "2018.??.??"]

1. e4 e5 2. Nf3 Nc6 3. Bc4 Be7 4. d4 d6 5. dxe5 Nxe5 6. Nxe5 dxe5 7. Qxd8+ Bxd8
8. Be3 Nf6 9. f3 c6 10. Nc3 Bb6 11. Ke2 Ke7 12. Rhd1 Be6 13. Bxe6 Kxe6 14. Rd3
Rhd8 15. Rad1 Rxd3 16. Rxd3 Nd7 17. Na4 Bxe3 18. Kxe3 b5 19. Nc3 Nc5 20. Rd2 a5
21. a3 g6 22. g4 f6 23. Ne2 Na4 24. b3 Nb6 25. Rd1 a4 26. Ra1 h5 27. gxh5 gxh5
28. f4 h4 29. f5+ Kd6 30. Ng1 Ke7 31. Nf3 h3 32. Ng1 b4 33. axb4 axb3 34. Rb1
b2 35. Kf2 Ra2 36. Ne2 Na4 37. Kg3 Ra1 38. Nc3 Nxc3 39. Rxb2 Nxe4+ 40. Kxh3 Rg1
41. Ra2 Ng5+ 42. Kh4 e4 43. c4 Nf3+ 44. Kh3 Kd6 45. b5 cxb5 46. cxb5 Ke5 47.
Rb2 Kf4 48. Rb4 Rg8 0-1

[Event "bosnjaci18"]
[Site "Bosnjaci"]
[Date "2018.01.07"]
[Round "7.8"]
[White "Vukovic, Ivo"]
[Black "Petrusic, Toni"]
[Result "0-1"]
[WhiteElo "2034"]
[BlackElo "2278"]
[PlyCount "76"]
[EventDate "2018.??.??"]

1. Nf3 Nf6 2. b3 g6 3. Bb2 Bg7 4. e3 d6 5. d4 O-O 6. Be2 Nbd7 7. O-O Ne4 8. c4
e5 9. dxe5 dxe5 10. Nbd2 Nxd2 11. Nxd2 Qe7 12. Qc2 a5 13. Rac1 Nc5 14. Ba3 Bf5
15. Ne4 Bxe4 16. Bxc5 Qxc5 17. Qxe4 c6 18. Qb1 Rfd8 19. Rfd1 Qb4 20. Qc2 a4 21.
Kf1 a3 22. Qc3 Qe7 23. Rxd8+ Rxd8 24. b4 Ra8 25. e4 Qh4 26. g3 Qxe4 27. Qf3
Qxf3 28. Bxf3 f5 29. Rd1 Ra4 30. Rd8+ Bf8 31. b5 Rxc4 32. bxc6 bxc6 33. Rc8
Rc1+ 34. Kg2 e4 35. Be2 Kg7 36. Rc7+ Kh6 37. Bb5 Rc2 38. Bxc6 e3 0-1

[Event "bosnjaci18"]
[Site "Bosnjaci"]
[Date "2018.01.07"]
[Round "7.9"]
[White "Popovic, Milan S"]
[Black "Caric, Mato"]
[Result "1/2-1/2"]
[WhiteElo "2264"]
[BlackElo "2075"]
[PlyCount "71"]
[EventDate "2018.??.??"]

1. e4 c5 2. Nf3 d6 3. d4 cxd4 4. Qxd4 Nc6 5. Bb5 Bd7 6. Bxc6 Bxc6 7. Nc3 e6 8.
Bg5 Nf6 9. O-O-O h6 10. Bh4 Be7 11. Rhe1 Qa5 12. Kb1 O-O 13. Qd2 Qc7 14. Bxf6
Bxf6 15. Qxd6 Qxd6 16. Rxd6 Bxc3 17. bxc3 Rfd8 18. Rxd8+ Rxd8 19. Nd4 Kf8 20.
f3 Ke7 21. Rd1 Rd7 22. Kc1 g6 23. Rd3 Rc7 24. Kb2 Bd7 25. e5 Rc5 26. f4 g5 27.
g3 g4 28. Nb3 Rc7 29. Rd4 Bc6 30. Nd2 Bd5 31. c4 Bc6 32. Kb3 h5 33. Kb4 Rc8 34.
Nf1 Rh8 35. Ne3 Bf3 36. c3 1/2-1/2

[Event "bosnjaci18"]
[Site "Bosnjaci"]
[Date "2018.01.07"]
[Round "7.10"]
[White "Zlatarevic, Ivan"]
[Black "Goric, Esad"]
[Result "0-1"]
[WhiteElo "2025"]
[BlackElo "2263"]
[PlyCount "120"]
[EventDate "2018.??.??"]

1. Nf3 Nf6 2. g3 d6 3. d4 Nbd7 4. Bg2 e5 5. c4 c6 6. dxe5 dxe5 7. O-O Be7 8.
Nc3 O-O 9. b3 Qc7 10. Qc2 Re8 11. Bb2 Nc5 12. Rfd1 Bg4 13. h3 Bh5 14. Nh4 a5
15. g4 Bg6 16. Nxg6 hxg6 17. a3 Qb6 18. Rab1 Qxb3 19. Qxb3 Nxb3 20. Na4 Nc5 21.
Nxc5 Bxc5 22. g5 Nh7 23. Rd7 Nxg5 24. Bc1 Ne6 25. Rbxb7 Bf8 26. Be3 Rec8 27. a4
f5 28. Bb6 e4 29. e3 Rcb8 30. f3 Bc5 31. Bxc5 Rxb7 32. Rxb7 Nxc5 33. Rc7 Ra6
34. fxe4 fxe4 35. Kf2 Kf8 36. h4 Rb6 37. Ra7 Rb4 38. Rxa5 Rxc4 39. Kg3 Ke7 40.
Ra7+ Kf6 41. a5 Ra4 42. Rc7 Rxa5 43. Rxc6+ Kf7 44. Kf4 Ne6+ 45. Kxe4 Rh5 46.
Kd3 Ke7 47. Bh3 Nc5+ 48. Kc4 Rxh4+ 49. Kxc5 Rxh3 50. Kd4 Kf7 51. e4 g5 52. Ke5
Rf3 53. Ra6 g4 54. Rb6 g3 55. Rb1 Kg6 56. Kd4 Kg5 57. Re1 Kg4 58. e5 g2 59. Rg1
Kg3 60. e6 Rf1 0-1

[Event "bosnjaci18"]
[Site "Bosnjaci"]
[Date "2018.01.07"]
[Round "7.11"]
[White "Babic, Zvonko"]
[Black "Duda, Daniel"]
[Result "1-0"]
[WhiteElo "2221"]
[BlackElo "1997"]
[PlyCount "71"]
[EventDate "2018.??.??"]

1. e4 c5 2. Nf3 d6 3. d4 Nf6 4. Nc3 cxd4 5. Qxd4 Nc6 6. Bb5 Bd7 7. Bxc6 Bxc6 8.
Bg5 e5 9. Qd3 h6 10. Bxf6 Qxf6 11. Nd2 Be7 12. Nc4 O-O 13. Ne3 Rac8 14. O-O Qe6
15. Ncd5 Bg5 16. c4 Bxd5 17. Nxd5 f5 18. f3 fxe4 19. Qxe4 Qf5 20. Qxf5 Rxf5 21.
b3 Kf8 22. Rad1 Ke8 23. g3 Kd7 24. Kf2 Rc6 25. Ke2 b5 26. h4 Bd8 27. Ne3 Rf7
28. cxb5 Rc5 29. Rd5 Rxd5 30. Nxd5 Ke6 31. Rd1 Bb6 32. a4 Bd4 33. Nb4 Rc7 34.
Nc6 Kd5 35. Rc1 a6 36. Nb4+ 1-0

[Event "bosnjaci18"]
[Site "Bosnjaci"]
[Date "2018.01.07"]
[Round "7.12"]
[White "Blagojevic, Marijan"]
[Black "Golubicic, Luka"]
[Result "1-0"]
[WhiteElo "2145"]
[BlackElo "1954"]
[PlyCount "37"]
[EventDate "2018.??.??"]

1. d4 d5 2. c4 c6 3. Nc3 Nf6 4. Nf3 e6 5. Qc2 Be7 6. Bf4 b6 7. cxd5 exd5 8. e3
Bb7 9. Bd3 Nbd7 10. h3 Rc8 11. O-O O-O 12. Rfd1 c5 13. dxc5 Nxc5 14. Bf5 Ncd7
15. e4 Nxe4 16. Bxd7 Qxd7 17. Qxe4 Bd6 18. Qe3 Rfe8 19. Qd2 1-0

[Event "bosnjaci18"]
[Site "Bosnjaci"]
[Date "2018.01.07"]
[Round "7.13"]
[White "Grubisic, Ivica"]
[Black "Tomas, Ante"]
[Result "0-1"]
[WhiteElo "1942"]
[BlackElo "2124"]
[PlyCount "66"]
[EventDate "2018.??.??"]

1. d4 g6 2. c4 Bg7 3. Nc3 d6 4. e4 Nf6 5. Be2 O-O 6. Nf3 c6 7. O-O Nbd7 8. Re1
e5 9. dxe5 dxe5 10. h3 Qe7 11. Bg5 h6 12. Be3 Nc5 13. Qc2 Nh5 14. Nh2 Nf4 15.
Bf1 g5 16. Rad1 Kh8 17. Qd2 Nce6 18. Qd6 Qxd6 19. Rxd6 Nd4 20. Bxd4 exd4 21.
Ne2 Be5 22. Rxh6+ Kg7 23. Nxf4 Kxh6 24. Nd3 Bg7 25. g4 b6 26. b4 Be6 27. Rc1 a5
28. a3 axb4 29. axb4 Ra3 30. f4 gxf4 31. Nxf4 Rfa8 32. Kf2 Be5 33. Nxe6 Ra2+
0-1

[Event "bosnjaci18"]
[Site "Bosnjaci"]
[Date "2018.01.07"]
[Round "7.14"]
[White "Dabic, Stjepan"]
[Black "Jelecevic, Ivo"]
[Result "0-1"]
[WhiteElo "1949"]
[BlackElo "2102"]
[PlyCount "70"]
[EventDate "2018.??.??"]

1. d4 Nf6 2. c4 e6 3. Nc3 d5 4. cxd5 exd5 5. Bg5 Be7 6. e3 O-O 7. Bd3 Nbd7 8.
Nge2 c5 9. O-O c4 10. Bc2 a6 11. a4 b6 12. f3 Bb7 13. Bxf6 Nxf6 14. Qd2 Bb4 15.
Ng3 Re8 16. Qf2 g6 17. Rad1 Bc6 18. e4 b5 19. e5 Nd7 20. f4 Bf8 21. f5 Qg5 22.
fxg6 fxg6 23. Qf7+ Kh8 24. Nxd5 Rad8 25. Nf6 Nxf6 26. Qxf6+ Qxf6 27. Rxf6 Bd5
28. Rxa6 b4 29. Rb6 b3 30. Bb1 Rxe5 31. Rb5 Ree8 32. Rxd5 Rxd5 33. Kf2 Bg7 34.
Ne2 Rd7 35. g3 Rf7+ 0-1

[Event "bosnjaci18"]
[Site "Bosnjaci"]
[Date "2018.01.07"]
[Round "7.15"]
[White "Bobanac, Miro"]
[Black "Dejanovic, Tereza"]
[Result "1-0"]
[WhiteElo "2297"]
[BlackElo "1779"]
[PlyCount "91"]
[EventDate "2018.??.??"]

1. b3 e5 2. Bb2 Nc6 3. e3 Nf6 4. Bb5 d6 5. Bxc6+ bxc6 6. Ne2 Bd7 7. d4 exd4 8.
Nxd4 Be7 9. Qf3 d5 10. Nf5 Bxf5 11. Qxf5 O-O 12. Nd2 Qd7 13. Qf3 Qg4 14. h3
Qxf3 15. Nxf3 Ne4 16. Ke2 Bf6 17. Bxf6 Nxf6 18. Rac1 a5 19. c4 Rfc8 20. Rc2 Nd7
21. Nd4 Nb8 22. Rhc1 dxc4 23. Rxc4 Kf8 24. Ra4 Rd8 25. Nxc6 Nxc6 26. Rxc6 Ra7
27. Rc5 Rda8 28. Kd3 f6 29. Kc3 Ke7 30. Rd4 Rd8 31. Rxd8 Kxd8 32. Kc4 Ra6 33.
e4 Kc8 34. f4 a4 35. b4 Rd6 36. Rd5 Rc6+ 37. Kd3 Rc1 38. Ke3 Re1+ 39. Kf3 Ra1
40. Rd2 Rb1 41. e5 fxe5 42. fxe5 Rxb4 43. e6 Rb6 44. e7 Rf6+ 45. Kg3 Rg6+ 46.
Kh2 1-0

[Event "bosnjaci18"]
[Site "Bosnjaci"]
[Date "2018.01.07"]
[Round "7.16"]
[White "Klasan, Vladimir"]
[Black "Kobas, Mihael"]
[Result "1-0"]
[WhiteElo "2389"]
[BlackElo "1980"]
[PlyCount "63"]
[EventDate "2018.??.??"]

1. b3 d5 2. Bb2 Nf6 3. e3 c6 4. f4 g6 5. Nf3 Bg7 6. Be2 O-O 7. O-O Bg4 8. c4
Nbd7 9. cxd5 Nxd5 10. Bxg7 Kxg7 11. Na3 N7f6 12. Nc4 Nb6 13. Qc2 Nxc4 14. bxc4
c5 15. h3 Bxf3 16. Bxf3 Rb8 17. Rfd1 Qc7 18. a4 b6 19. Qc3 Kg8 20. a5 b5 21.
cxb5 Rxb5 22. Rdc1 Qd6 23. Be2 Ne4 24. Qc2 Rb4 25. d4 Ng3 26. dxc5 Qe6 27. Ra3
Nxe2+ 28. Qxe2 Rxf4 29. c6 Rc8 30. Qa6 Re4 31. Qxa7 Rxc6 32. Qa8+ 1-0

[Event "bosnjaci18"]
[Site "Bosnjaci"]
[Date "2018.01.07"]
[Round "7.17"]
[White "Kurtovic, Nedzad"]
[Black "Ljikar, Zoran"]
[Result "0-1"]
[WhiteElo "1954"]
[BlackElo "2192"]
[PlyCount "84"]
[EventDate "2018.??.??"]

1. e4 c5 2. Nf3 e6 3. d4 cxd4 4. Nxd4 Nc6 5. Be3 Nf6 6. Nc3 Qc7 7. f4 Bb4 8.
Ndb5 Qb8 9. a3 Bxc3+ 10. Nxc3 d6 11. e5 dxe5 12. Bc5 Nd5 13. Qg4 g6 14. Nb5 b6
15. Bd6 Qb7 16. O-O-O a6 17. Nc3 Ne3 18. Qg5 Nxd1 19. Bb5 axb5 20. Rxd1 Ra5 21.
fxe5 f5 22. Bb4 Rg8 23. Bxa5 bxa5 24. a4 bxa4 25. Nxa4 Qb5 26. b3 Qxe5 27. Nb6
Qa1+ 28. Kd2 Qd4+ 29. Kc1 Qxb6 30. Qd2 Kf7 31. Qh6 Rh8 32. h4 Qc5 33. h5 Nd4
34. c4 Qa3+ 35. Kd2 Qb2+ 36. Ke3 Qe2+ 37. Kxd4 Qxd1+ 38. Kc5 Qg1+ 39. Kc6 Qxg2+
40. Kc5 Qf2+ 41. Kc6 Qf3+ 42. Kc5 Qxh5 0-1

[Event "bosnjaci18"]
[Site "Bosnjaci"]
[Date "2018.01.07"]
[Round "7.18"]
[White "Karabaic, Ivan"]
[Black "Bogdanic, Katarina"]
[Result "1-0"]
[WhiteElo "2182"]
[BlackElo "1917"]
[PlyCount "45"]
[EventDate "2018.??.??"]

1. d4 Nf6 2. Nf3 e6 3. g3 b6 4. Bg2 Bb7 5. O-O Be7 6. c4 O-O 7. d5 exd5 8. Nh4
Ne4 9. cxd5 Bxh4 10. Bxe4 Bf6 11. Nc3 d6 12. Qc2 g6 13. Bh6 Re8 14. Bg2 Nd7 15.
Rac1 a6 16. Rfd1 Ne5 17. Ne4 Ng4 18. Bf4 g5 19. Bd2 Bxd5 20. h3 Nh6 21. Nxf6+
Qxf6 22. Bc3 Qe6 23. Rxd5 1-0

[Event "bosnjaci18"]
[Site "Bosnjaci"]
[Date "2018.01.07"]
[Round "7.19"]
[White "Ascic, Anto"]
[Black "Kolanovic, Kazimir"]
[Result "1-0"]
[WhiteElo "2122"]
[BlackElo "1871"]
[PlyCount "73"]
[EventDate "2018.??.??"]

1. d4 Nf6 2. Nf3 d5 3. e3 Bf5 4. c4 c6 5. Qb3 Qb6 6. c5 Qc7 7. Nc3 Nbd7 8. Nh4
Bg6 9. f4 Be4 10. Nxe4 Nxe4 11. Bd3 Ndf6 12. Nf3 Qa5+ 13. Ke2 Qc7 14. Qc2 e6
15. Nd2 Nxd2 16. Bxd2 g6 17. b4 a6 18. a4 Be7 19. b5 O-O 20. bxa6 bxa6 21. Rab1
Nd7 22. h4 f5 23. h5 g5 24. g4 fxg4 25. Rbg1 h6 26. fxg5 Bxg5 27. Rxg4 Nf6 28.
Rg2 Kh8 29. Be1 Qd8 30. Rh3 Qd7 31. Bg3 Ng4 32. Bd6 Qf7 33. Ke1 Nxe3 34. Rxe3
Qxh5 35. Be5+ Bf6 36. Rh2 Qg5 37. Rg3 1-0

[Event "bosnjaci18"]
[Site "Bosnjaci"]
[Date "2018.01.07"]
[Round "7.20"]
[White "Mahmutbegovic, Muharem"]
[Black "Slobodjanac, Sinisa"]
[Result "1-0"]
[WhiteElo "2033"]
[BlackElo "1803"]
[PlyCount "109"]
[EventDate "2018.??.??"]

1. e4 b6 2. d4 Bb7 3. Bd3 e6 4. c4 Bb4+ 5. Bd2 Nc6 6. Nf3 Bxd2+ 7. Nbxd2 Nce7
8. O-O Ng6 9. g3 Qe7 10. a4 a5 11. Rc1 Nh6 12. Ne1 f5 13. f4 O-O 14. Nef3 d6
15. Re1 Qf6 16. Qc2 Rad8 17. d5 e5 18. exf5 Nxf5 19. Ne4 Qf7 20. Neg5 Qd7 21.
Ne6 Nge7 22. fxe5 g6 23. Nxf8 Rxf8 24. e6 Qe8 25. Bxf5 gxf5 26. Rcd1 Qh5 27.
Qe2 c6 28. Nd4 Qg6 29. dxc6 Ba8 30. Qg2 Kh8 31. g4 Qf6 32. g5 Qg7 33. h4 Rc8
34. Qf2 Bxc6 35. Nxc6 Rxc6 36. Qd4 h6 37. Qxg7+ Kxg7 38. gxh6+ Kxh6 39. Rd4 Kg6
40. b3 Kf6 41. Kf2 Ng6 42. h5 Ne5 43. h6 Kxe6 44. h7 Rc8 45. Rh4 Rh8 46. Rg1
Ng4+ 47. Kf3 Kf6 48. Rgxg4 fxg4+ 49. Kxg4 Kg6 50. Kf4 Kf6 51. Ke4 Ke6 52. Rh6+
Ke7 53. Kd5 Kd7 54. Rxd6+ Kc7 55. Rh6 1-0